Chuyển đến nội dung
我的帐户
退出
登录
语言
English
Deutsch
Español
Français
Italiano
日本語
Nederlands
Português
Português (Brasil)
中文(简体)
中文(繁體)
Türkçe
עברית
Gaeilge
Cymraeg
Ελληνικά
Català
Euskara
Русский
Čeština
Suomi
Svenska
polski
Dansk
slovenščina
اللغة العربية
বাংলা
Galego
Tiếng Việt
Hrvatski
हिंदी
全文检索
题名
作者
主题
索引号
ISBN/ISSN
标签
检索
高级检索
Advances in agronomy: T54
职员浏览
引用
推荐此
打印
导出纪录
导出到 RefWorks
导出到 EndNoteWeb
导出到 EndNote
导出到 MARC
导出到 MARCXML
导出到 RDF
导出到 BibTeX
导出到 RIS
加到收藏夹
Advances in agronomy: T54
Đã lưu trong:
书目详细资料
格式:
图书
语言:
Undetermined
出版:
San Diego
Academic
1995
主题:
agronomy
标签:
添加标签
没有标签, 成为第一个标记此记录!
Thư viện lưu trữ:
Trung tâm Học liệu Trường Đại học Cần Thơ
持有资料
实物特征
您的评论
相似书籍
职员浏览
LEADER
00421nam a2200157Ia 4500
001
CTU_21579
008
210402s9999 xx 000 0 und d
082
|a
630.5
082
|b
A244/T54
245
0
|a
Advances in agronomy: T54
260
|a
San Diego
260
|b
Academic
260
|c
1995
650
|a
agronomy
904
|i
Nguyễn Quang Điền, 980113
980
|a
Trung tâm Học liệu Trường Đại học Cần Thơ
相似书籍
Advances in agronomy: Vol.41
出版: (1987)
Advances in agronomy Vol.51
出版: (1993)
Advances in agronomy: Vol.42
出版: (1989)
Advances in agronomy: Vol.43
出版: (1990)
Advances in agronomy: Vol.53
出版: (1994)
载入...